1441 1097 1890 1174 1953 1774 1451 1183 1290 1455 1156 1822 1958 1231 1412 1251 1356 1760 1667 1509 1780 1533 1585 1525 1339 1639 1849 1400 1157 1227 1636 1422 1828 1238 1116 1113 1028 1126 1363 1488 1631 1198 1588 1284 1229 1314 1992 1858 1918 1313 1843 1930 1072 1485 1708 1137 1099 1817 1934 1432 1613 1028 1482 1423 1982 1433 1163 1695 1419 1671 1152 1464 1144 1940 1381 1241 1117 1598 1155 1999 1758 1960 1794 1157 1835 1339 1637 1240 1083 1861 1551 1459 1372 1269 1078 1664 1699 1758 1278 BCNSPRNW ULIB Ver.6.0+V

เปลี่ยนเป็นภาษาไทย

Change to English
 แสดงรายละเอียดบรรณานุกรม
  กลับหน้าหลัก

Brief Record : Get Marc (ISO 2709) : E-mail record : QR code < ปิดหน้าต่าง
LEADER : 00000nam 2200000uu 4500
001    13399124390
003     ULIB
008    150603s2554||||th 000 0 tha d
020    ^a9786161116590
060  4 ^aWA900^bร451
110 1  ^aสำนักงานปลัดกระทรวงสาธารณสุข, สำนักนโยบายและยุทธศาสตร์
245 00 ^aรายงานข้อมูลทรัพยากรสาธารณสุข ประจำปี 2554 ^cสำนักนโยบายและยุทธศาสตร์ สำนักงานปลัดกระทรวงสาธารณสุข
260    ^aนนทบุรี:^bสำนักงานกิจการโรงพิมพ์องค์การสงเคราะห์ทหารผ่านศึกษา,^c2554
300    ^a248 หน้า
650  7 ^aความเจ็บป่วย -- ไทย -- สถิติ.
650  7 ^aบุคลากรทางการแพทย์ -- สถิติ.
650  7 ^aทรัพยากรสาธารณสุข -- สถิติ.
945    ^p0^l0^i22964
999    ^aเกษร โพธิ์สุวรรณ
รายการนี้ยังไม่มีแท็ก
คุณยังไม่ได้ล็อกอิน คุณสามารถมีกิจกรรมร่วมกับเว็บไซต์ได้ แต่ต้องล็อกอินก่อน ::
  ล็อกอิน

รายการสื่อสารสนเทศ

ลำดับที่ ประเภท เลขเรียก/บาร์โค้ด สถานที่ สถานะ
1. วิทยาศาสตร์การแพทย์ และสุขภาพ
หนังสือสำรอง
สถานะ=หนังสือสำรอง
WA900 ร451 ฉ.1 
  Barcode: 22964
ห้องสมุดวิทยาเขตนครสวรรค์
►ส่วนจัดเก็บหนังสือเก่า นว.
บนชั้น
  ขอยืม

รายการใกล้เคียง
    หัวเรื่อง [ความเจ็บป่วย -- ไทย -- สถิติ.]
    หัวเรื่อง [บุคลากรทางการแพทย์ -- สถิติ.]
    หัวเรื่อง [ทรัพยากรสาธารณสุข -- สถิติ.]

BibComment


ยังไม่เคยถูกคอมเมนท์

คอมเมนท์ทรัพยากรรายการนี้
  คอมเมนท์: รายงานข้อมูลทรัพ..


 Copyright 2026. Bcnsprnw @Library